01810nam a2200337Ic 450000100060000000300100000600500170001600700030003300800410003602000180007704000350009504100080013008200180013808200190015610000340017524501200020925000220032926400310035130000670038233600270044933700330047633800280050949000500053750506880058765000180127565000360129365000400132965000470136965000280141670000280144458980CO-BoRNBP20250901201241.0ta180109s2014 mx a g 000 0 spa  a9786071700476 aCO-BoRNBPbspaerdacCO-BoRNBP aspa04a338.4bA71t /04a338.4791bA71t aAscanio Guevara, Alfredoeaut10aTurismo sustentable :bel equilibrio necesario en el siglo XXI /cAlfredo Ascanio Guevara y Marcus Vinicius Campos. aPrimera edición 1aMéxico :bTrillas,c2014 a158 páginas :bilustraciones, fotografías a blanco y negro atextobtxt2rdacontent asin mediaciónbn2rdamedia avolumenbnc2rdacarrier0 aTrillas Turismo : Planificación turística0 a1. Turimos geografía y ambiente -- 2. Turismo, la naturaleza y las comunidades --- 3. Turismo y desarrollo de la comunidad -- 4. El espacio turístico en países emergentes -- 5. Turismo, espacios negativos y positivos -- 6. Sostenibilidad, capacidad de carga y capital natural -- 7. Gerencia del turismo sustentable -- 8. El papel de la sustentabilidad en el futuro del turismo -- 9. Importancia de la planificación y la competitividad entre los mercados receptores de turismo -- 10. La calidad de las ciudades como marco de la sustentabilidad turística -- 11. La relación entre el marketing y el turismo sustentable -- 12. ¿Qué podemos esperar del turismo sustentable?07aTurismo2LEMB07aTurismoxAdministración2LEMB07aTurismoxAspectos ambientales2LEMB07aTurismoxDistribución geográfica2LEMB07aTurismozMéxico2LEMB aCampos, Marcus Vinicius